000
00274nam a22001217a 4500
020
_a
0-471-29606-6
082
_a
620.104 GIN'E
100
_a
GENIN, J,GINSBERG, J.H
_9
74089
245
_a
DYNAMICS
260
_a
USA
_b
KINGS PORT PRES
_c
1977
300
_a
XI,553P
942
_c
BK
999
_c
579665
_d
579665